[Event "Lleida-ch U14"]
[Site "Balaguer"]
[Date "2014.02.22"]
[Round "5.2"]
[White "Botigue Moles, Gerard"]
[Black "Marti Trilla, Aleix"]
[Result "0-1"]
[WhiteElo "1773"]
[BlackElo "1909"]
[PlyCount "74"]
[EventDate "2014.01.25"]
[EventType "swiss"]
[EventRounds "6"]
[EventCountry "ESP"]
[SourceTitle "EXT 2024"]
[Source "ChessBase"]
[SourceDate "2023.10.10"]
[SourceVersion "1"]
[SourceVersionDate "2023.10.10"]
[SourceQuality "1"]

1. e4 e5 2. d4 exd4 3. Qxd4 Nc6 4. Qe3 Nf6 5. Nc3 d6 6. Bd2 Be7 7. 0-0-0 0-0 8. f3 Be6 9. g4 Ne5 10. g5 Ne8 11. f4 Nc4 12. Qg3 Nxd2 13. Rxd2 f5 14. exf5 Rxf5 15. Bh3 g6 16. Bxf5 Bxf5 17. h4 Ng7 18. Nf3 Qd7 19. Nd4 Nh5 20. Qe3 Re8 21. Re1 Kf7 22. Qf3 c6 23. Nxf5 Qxf5 24. Rf2 Bf8 25. Rxe8 Kxe8 26. Qe4+ Qxe4 27. Nxe4 d5 28. Nf6+ Nxf6 29. gxf6 Kf7 30. f5 gxf5 31. Rxf5 Kg6 32. Rf4 Bh6 33. h5+ Kf7 34. Kd1 Bxf4 35. Ke2 Kxf6 36. Kf3 Kg5 37. b3 Bd6 0-1

[Event "Lleida-ch U14"]
[Site "Balaguer"]
[Date "2014.01.25"]
[Round "1.4"]
[White "Gine Pla, Arnau"]
[Black "Botigue Moles, Gerard"]
[Result "0-1"]
[WhiteElo "1700"]
[BlackElo "1773"]
[PlyCount "74"]
[EventDate "2014.01.25"]
[EventType "swiss"]
[EventRounds "6"]
[EventCountry "ESP"]
[SourceTitle "EXT 2024"]
[Source "ChessBase"]
[SourceDate "2023.10.10"]
[SourceVersion "1"]
[SourceVersionDate "2023.10.10"]
[SourceQuality "1"]

1. e4 e5 2. Nf3 Nc6 3. Nc3 Bc5 4. d3 h6 5. a3 Nf6 6. h3 d6 7. b4 Bb6 8. Bd2 Nd4 9. Be3 0-0 10. Be2 a6 11. 0-0 Be6 12. Rb1 Qd7 13. Nh2 Ba7 14. Ng4 Nxe2+ 15. Qxe2 Nxg4 16. Bxa7 Rxa7 17. f3 Nf6 18. g4 Qc6 19. Qe1 d5 20. a4 d4 21. b5 Qc5 22. Ne2 Qxc2 23. Qc1 Qxc1 24. Rfxc1 axb5 25. Rxb5 b6 26. Ra1 Bd7 27. Rb4 Rfa8 28. Ng3 Rxa4 29. Raxa4 Rxa4 30. Rb3 b5 31. Ne2 c5 32. f4 exf4 33. Nxf4 Bc6 34. e5 Nd7 35. e6 fxe6 36. Nxe6 b4 37. Kf2 Ra3 0-1